| 000 | 00921nas a2200301 4500 | ||
|---|---|---|---|
| 001 | BR0505123 | ||
| 003 | BR-BrBNA | ||
| 005 | 20231205105703.0 | ||
| 007 | ta | ||
| 008 | 230509b bl.|||p| |||| 00| 00por d | ||
| 040 |
_aBR-BrBNA _bpor _cBiblioteca Nacional de Agricultura |
||
| 041 | _a(Pt) | ||
| 072 | _aN20; H60 | ||
| 100 | 1 | _aCorrêa, M.R. | |
| 100 | 1 | _aBravin, L.F.N. | |
| 100 | 1 | _aVelini, E.D. | |
| 100 | 1 | _aBaio, F.H.R. | |
| 100 | 1 | _aGalo, M.L.B.T. | |
| 245 | 1 | _aDesenvolvimento de equipamentos para o mapeamento de áreas infestadas por macrófitas aquáticas imersas | |
| 650 | _aPLANTA AQUÁTICA | ||
| 650 | _aERVA DANINHA | ||
| 650 | _aEQUIPAMENTO AGRÍCOLA | ||
| 650 | _aPERFORMANCE | ||
| 650 | _aCONTROLE MECÂNICO | ||
| 773 | 0 |
_tPlanta Daninha (Brazil) _xISSN 0100-8358 _g(Apr-Jun 2005), v. 23(2) p. 269-275 _wBR0505123 |
|
| 909 |
_a202311 _bLúcia _c55 _dLúcia Elande |
||
| 942 |
_2AGRIS _n0 _cANA |
||
| 999 |
_c184151 _d184151 |
||